Statistieken voor Top 15 landen met Covid-19 sterfgevallen - 3 juni

Klik hier om de quiz te nemen!

Algemene statistieken

  • Deze quiz is 2 keer genomen
  • De gemiddelde score is 14 van 20

Antwoordstatistieken

land% Correct
België
100%
Brazilië
100%
Duitsland
100%
Frankrijk
100%
Ierland
100%
India
100%
Italië
100%
Nederland
100%
Verenigde Staten
100%
Verenigd Koninkrijk
100%
Zweden
100%
Canada
50%
Mexico
50%
Peru
50%
Portugal
50%
Rusland
50%
Zwitserland
50%
Ecuador
0%
Iran
0%
Spanje
0%

Scoreverdeling

Percentiel versus Aantal Correcte Antwoorden

Procent van Mensen met Elke Score

Uw Scoregeschiedenis

U heeft deze quiz nog niet genomen